| 000 | 01126cam a2200361 a 4500 | ||
|---|---|---|---|
| 999 |
_c1208 _d1208 |
||
| 003 | OSt | ||
| 005 | 20210624093809.0 | ||
| 006 | m d | ||
| 008 | 980924s1999 cauab b 001 0 eng | ||
| 010 | _a 98045707 | ||
| 015 | _aGB99-21952 | ||
| 020 | _a0805330445 | ||
| 020 | _a0805365737 | ||
| 020 | _a0201522624 (correct) | ||
| 035 | _aocm39981421 | ||
| 040 |
_aDLC _cDLC _dC#P _dUKM _dJHW |
||
| 049 | _aJHWW | ||
| 050 | 0 | 0 |
_aQH308.2 _b.C34 1999 |
| 082 | 0 | 0 |
_a570 _221 |
| 090 |
_aQH308.2 _b.C189 1999 |
||
| 100 | 1 |
_aCampbell, Neil A., _d1946- |
|
| 245 | 1 | 0 |
_aBiology / _cNeil A. Campbell, Jane B. Reece, Lawrence G. Mitchell. |
| 250 | _a5th ed. | ||
| 260 |
_aMenlo Park, Calif. : _bBenjamin Cummings, _cc1999. |
||
| 300 |
_a1 v. (various pagings) : _bill. (some col.), col. maps ; _c28 cm. + _e1 computer laser optical disc (4 3/4 in.) |
||
| 504 | _aIncludes bibliographical references and index. | ||
| 538 | _aSystems requirements: Windows95/98/NT or Macintosh | ||
| 650 | 0 | _aBiology | |
| 700 | 1 | _aReece, Jane B. | |
| 700 | 1 | _aMitchell, Lawrence G. | |
| 910 | _a2151805 | ||
| 942 |
_2lcc _cBK _nDO |
||